[Event "GER-chT Youth Countries 2018"]
[Site "Wurzburg"]
[Date "2018.10.04"]
[Round "3"]
[White "Hartge, Gedeon"]
[Black "Wu, Luka"]
[Result "1/2-1/2"]
[WhiteElo "2214"]
[BlackElo "2001"]
[Annotator "TA"]
[PlyCount "83"]
[EventDate "2018.10.03"]
[EventType "team-tourn"]
[EventCountry "GER"]
[SourceTitle "playchess.com"]
[Source "ChessBase"]
[SourceQuality "1"]

{[%evp 15,83,32,40,39,65,43,96,92,96,95,79,86,118,114,111,111,115,122,125,123,118,104,107,102,100,93,110,91,120,87,83,76,106,106,133,130,135,116,158,125,134,94,115,108,137,131,211,187,297,164,164,0,186,196,187,112,145,0,0,0,0,0,0,0,0,0,0,0,0,0]} 1. d4 Nf6 2. c4 e6 3. Nc3 d5 4. cxd5 exd5 5. Bg5 Be7 6. e3 b6 7. Bd3 {D53: Queen's Gambit Declined: 4 Bg5 Be7: Early deviations} Bb7 8. Nge2 Nbd7 {LiveBook: 4 Games} 9. O-O {White is slightly better.} (9. Ng3 h6 10. Bf4 O-O 11. Nf5 Re8 12. Qf3 h5 13. Qg3 g6 14. Nh6+ {1-0 (14) Garayev,K (2300)-Bashirov,T (2379) Batumi 2018}) 9... Ne4 10. Bf4 $146 {aiming for Bxe4.} ({Predecessor:} 10. Bxe7 Qxe7 11. Nxe4 dxe4 12. Bc4 O-O 13. Nf4 Nf6 14. Rc1 Rac8 15. Qe2 {1-0 (55) Chan,L (1871)-Pu,H (1646) Hong Kong 2018}) 10... Bd6 (10... O-O $14) 11. Bxe4 $16 dxe4 12. Bxd6 cxd6 13. d5 Nf6 14. Ng3 O-O 15. Ngxe4 Nxe4 16. Nxe4 Qe7 17. Nc3 Rac8 18. Qg4 Rc5 19. Rfd1 f5 20. Qd4 b5 21. a3 a6 22. Rac1 Rfc8 23. Qf4 Qf6 24. Rd4 Re8 25. Rcd1 Re5 26. h4 {[%cal Bh2h4,Bh4h5][%mdl 32]} Rc7 27. R1d2 h6 28. h5 Qf7 29. Qf3 Qf8 30. Ne2 Qe8 (30... Qf6 $16 {is a better defense.} 31. Rd1 Rc2) 31. Nf4 $18 Ree7 (31... Bc8 $142 32. Rd1 Re4) 32. Qe2 (32. Ng6 $142) 32... Re4 33. Qf3 $2 {[#]} (33. Qd1 $18) 33... Rc4 $2 (33... Ree7 $1 $11 {and Black is okay.}) 34. Rxc4 Rxc4 35. Qg3 (35. Ne6 $18) 35... Qe5 36. Qg6 (36. Rd1 $16) 36... Rxf4 $1 $11 {The position is equal.} 37. exf4 {KQR-KQB} Qe1+ 38. Kh2 Qxd2 39. Qe8+ Kh7 40. Qg6+ Kg8 (40... Kh8 $5 41. Qe8+ $8 Kh7 42. Qg6+ Kh8 43. Qe8+ Kh7 $11) 41. Qe8+ Kh7 42. Qg6+ {Precision: White = 59%, Black = 30%.} 1/2-1/2

[Event "GER-chT Youth Countries 2018"]
[Site "Wurzburg"]
[Date "2018.10.04"]
[Round "3"]
[White "Muetsch, Annmarie"]
[Black "Huber, Benedikt"]
[Result "1-0"]
[WhiteElo "2206"]
[BlackElo "2116"]
[Annotator "TA"]
[PlyCount "95"]
[EventDate "2018.10.03"]
[EventType "team-tourn"]
[EventCountry "GER"]
[SourceTitle "playchess.com"]
[Source "ChessBase"]
[SourceQuality "1"]

{[%evp 20,95,29,30,77,62,93,40,48,45,131,131,129,130,308,303,312,152,145,150,142,136,389,84,75,77,78,65,63,65,68,68,77,61,85,32,81,4,4,0,12,0,0,0,0,0,95,8,172,170,168,168,166,164,385,366,587,577,554,539,730,697,739,372,828,816,743,756,945,617,537,0,823,804,910,769,678,651]} 1. e4 e6 2. d4 d5 3. Nd2 c5 4. exd5 Qxd5 5. Ngf3 cxd4 6. Bc4 Qd6 7. O-O Nf6 8. Nb3 Nc6 9. Nbxd4 Nxd4 10. Nxd4 a6 11. Re1 {LiveBook: 749 Partien} b5 {C07: Französische Verteidigung (Tarrasch-Variante)} (11... Qc7 12. Bf1 Be7 13. Qf3 O-O 14. Bf4 Bd6 15. Bxd6 Qxd6 16. Rad1 Qc7 17. c4 Rb8 18. Qg3 Qxg3 19. hxg3 Bd7 {½-½ (61) Karjakin,S (2773)-Duda,J (2737) chess.com INT 2018}) 12. Bb3 $1 Be7 13. c3 (13. Qf3 $16 Ra7 14. Qc6+ Bd7 15. Qf3 (15. Qxd6 Bxd6 16. Be3 Rc7 $14)) 13... Bb7 $14 {Weiß steht etwas besser.} 14. Bg5 {[%cal Rd4e6]} O-O $146 {[#]} (14... Rd8 $14) ({Vorgänger:} 14... Nd5 15. Nf5 Qc5 16. Bxd5 Bxg5 17. Bxb7 Rd8 18. Qf3 O-O 19. Ng3 Rd2 20. Ne4 {1-0 (20) Cmor,N (2016)-Savli,M (1639) Portoroz 2017}) 15. Nxe6 $1 $16 {[%mdl 512] Und Dxd6 würde nun gewinnen.} Qc6 {[%csl Gb7][%cal Rc6g2]} ({Nur nicht} 15... Qxd1 $2 16. Raxd1 fxe6 17. Rxe6 $18) (15... fxe6 16. Rxe6) 16. f3 ({Doch nicht} 16. Nf4 $6 Bd6 $11) 16... h6 $2 (16... Rfe8 $16) 17. Nxf8 $18 hxg5 18. Rxe7 (18. Ng6 $1 $18 {[%cal Rg6e7] und der Rest ist Schweigen.} Bd6 19. Ne5 Bxe5 20. Rxe5) 18... Qc5+ $16 19. Qd4 Qxe7 20. Ng6 $1 {[%cal Rg6e7]} Qd7 $2 {[%mdl 8192]} (20... Qe2 $16 {ist eine bessere Verteidigung.}) 21. Ne5 $2 (21. Qc5 $18) 21... Qxd4+ 22. cxd4 Bd5 23. Bxd5 Nxd5 {[%mdl 4096] Endspiel KTS-KTS} 24. Rc1 Rd8 25. Nc6 Rd6 26. g3 f6 27. a3 (27. Kf2 $16) 27... Ne3 $1 $14 28. Ne7+ ({Besser ist} 28. Kf2 $16 Nc4 29. b3) 28... Kf7 $11 29. Rc7 Ke6 30. Nc8 Rd7 31. Rc6+ Kd5 32. Rxa6 Kxd4 {[#]} (32... Rc7 $1 $11 33. Na7 Rc2) 33. Nd6 (33. Rd6+ $1 $16 Rxd6 34. Nxd6) 33... Kc5 $2 (33... Nc4 $11 {und Schwarz ist OK.} 34. Nxc4 (34. Nxb5+ Ke3 $15) 34... Kxc4) 34. b4+ $18 {[%cal Bb2b4,Bb4b5,Bb5b6][%mdl 32]} Kd4 35. Nxb5+ Kc4 36. Nd6+ Kb3 $2 (36... Kd3 {war einen Versuch wert.}) 37. b5 Nc4 $2 (37... Nd5 38. b6 Rxd6) 38. Nxc4 Kxc4 {KT-KT} 39. a4 {[%cal Ba3a4,Ba4a5][%mdl 32]} Rd1+ 40. Kg2 Rb1 41. b6 {Droht a5 und aus.} Kc5 $2 (41... Kd3 42. a5 f5) 42. a5 Kc6 43. Ra7 g6 44. Rc7+ Kb5 45. Ra7 (45. Rc8 $142 Ka6 46. Ra8+ Kb7 47. Rg8) 45... Kc6 $1 46. Rf7 {Weiß steht klar auf Gewinn.} f5 47. Rf6+ Kb7 48. Rxg6 {Precision: Weiß = 47%, Schwarz = 28%.} 1-0

[Event "GER-chT Youth Countries 2018"]
[Site "Wurzburg"]
[Date "2018.10.04"]
[Round "3"]
[White "Leeb, Simon"]
[Black "Degenhard, Simon"]
[Result "0-1"]
[WhiteElo "2203"]
[BlackElo "2207"]
[Annotator "NA"]
[PlyCount "158"]
[EventDate "2018.10.03"]
[EventType "team-tourn"]
[EventCountry "GER"]
[SourceTitle "playchess.com"]
[Source "ChessBase"]
[SourceQuality "1"]
[TimeControl "40/5400+30:1800+30"]

1. d4 {[%emt 0:00:00]} Nf6 {[%emt 0:00:00]} 2. c4 {[%emt 0:00:00]} e6 {[%emt 0:00:00]} 3. Nf3 {[%emt 0:01:53]} d5 {[%emt 0:00:00]} 4. Nc3 {[%emt 0:00:44]} c5 {[%emt 0:00:14]} 5. cxd5 {[%emt 0:01:02]} Nxd5 {[%emt 0:00:16]} 6. Qb3 {[%emt 0:04:59] D41: Queen's Gambit Declined: Semi-Tarrasch with 5 cxd5} (6. e4 Nxc3 7. bxc3 cxd4 8. cxd4 Bb4+ 9. Bd2 Bxd2+ 10. Qxd2 O-O 11. Rc1 b6 12. Bd3 Ba6 13. Bxa6 Nxa6 14. O-O Rc8 15. Rxc8 Qxc8 16. Rc1 Qb7 17. Qc2 Nb4 18. Qc4 a5 19. a3 {½-½ (45) Navara,D (2741)-Carlsen,M (2842) Biel 2018}) 6... Nxc3 {[%emt 0:05:48]} 7. bxc3 $146 {[%emt 0:00:19]} ({Predecessor:} 7. Qxc3 Nc6 8. dxc5 Qd5 9. b4 b5 10. e3 a6 11. Be2 Bb7 12. O-O f6 13. Rd1 Qh5 {0-1 (63) Foerster,J-Ryniecki,D Borkum 1996}) 7... Nc6 {[%emt 0:00:16]} 8. e3 {[%emt 0:04:06]} Be7 {[%emt 0:00:24]} 9. Bd3 {[%emt 0:01:31]} O-O {[%emt 0:00:32]} 10. Bb1 {[%emt 0:03:18]} b6 {[%emt 0:06:41]} 11. h4 {[%emt 0:09:35]} Qd7 {[%emt 0:09:11]} 12. Qd1 {[%emt 0:18:17]} f5 {[%emt 0:11:26]} 13. O-O {[%emt 0:03:11]} Bb7 {[%emt 0:04:01]} 14. e4 {[%emt 0:04:50]} Rad8 {[%emt 0:04:09]} 15. Bb2 {[%emt 0:07:30]} cxd4 {[%emt 0:05:30]} 16. cxd4 {[%emt 0:01:08]} Bf6 {[%emt 0:01:09]} 17. exf5 {[%emt 0:06:34]} exf5 {[%emt 0:00:38]} 18. Qb3+ {[%emt 0:00:26]} Kh8 {[%emt 0:04:33]} 19. Ne5 {[%emt 0:02:39]} Nxe5 {[%emt 0:10:33]} 20. dxe5 {[%emt 0:00:04]} Bxh4 {[%emt 0:01:08]} 21. Qh3 {[%emt 0:02:00]} Be7 {[%emt 0:02:08]} 22. Bc2 {[%emt 0:01:20]} Qd2 {[%emt 0:04:39]} 23. Rac1 {[%emt 0:01:07]} Bc5 {[%emt 0:03:13]} 24. e6 {[%emt 0:03:56]} Rde8 {[%emt 0:04:15]} (24... Qg5 $17 25. Rcd1 Rxd1 26. Rxd1 Qf4) 25. Qg3 {[%emt 0:07:20]} Qh6 {[%emt 0:01:29]} 26. Rcd1 {[%emt 0:00:56] [#]} (26. Bb3 $11 {remains equal.}) 26... Rxe6 {[%emt 0:03:55] [#]} (26... Bc8 $142 $1 27. Ba3 f4) 27. Bxf5 $1 {[%emt 0:01:28]} Rxf5 {[%emt 0:07:05]} 28. Qb8+ {[%emt 0:00:08]} (28. Rd8+ $17 {was the only defense.} Rf8 29. Rxf8+ Bxf8 30. Qb8) 28... Rf8 {[%emt 0:00:58]} 29. Rd8 $2 {[%emt 0:01:40] [#]} (29. Qxb7 $19 Re2 30. Bd4) 29... Kg8 $2 {[%emt 0:00:57]} (29... Bxf2+ $1 {mates} 30. Rxf2 Re1+ 31. Rf1 Rexf1#) 30. Rxf8+ {[%emt 0:00:05]} Bxf8 {[%emt 0:00:06]} 31. Qxb7 {[%emt 0:00:04]} Re7 {[%emt 0:03:47]} 32. Qa8 {[%emt 0:01:56]} Qf4 {[%emt 0:02:10]} 33. Ba3 {[%emt 0:01:06]} Rd7 {[%emt 0:01:51]} 34. Re1 {[%emt 0:04:31] [#]} (34. g3) 34... Rd2 {[%emt 0:01:23]} (34... Rf7 $1 $17 35. Rf1 Qa4 36. Bxf8 Rxf8 37. Qd5+ Kh8) 35. Qxf8+ {[%emt 0:02:41]} Qxf8 {[%emt 0:00:06]} 36. Bxf8 {[%emt 0:00:05]} Kxf8 {[%emt 0:00:04]} 37. a4 {[%emt 0:00:05]} Rd4 {[%emt 0:00:37]} 38. a5 {[%emt 0:00:55]} (38. Ra1 $142) 38... Rd7 $2 {[%emt 0:02:04]} (38... bxa5 $19 39. Re6 Rd1+ 40. Kh2 a4) 39. Re6 {[%emt 0:02:55]} Kf7 {[%emt 0:00:51]} 40. Rc6 {[%emt 0:00:07]} Rb7 {[%emt 0:00:30]} 41. a6 {[%emt 0:05:40]} Re7 {[%emt 0:00:47]} 42. Rc8 {[%emt 0:00:33]} Ke6 {[%emt 0:00:19]} 43. Rb8 {[%emt 0:01:21]} Kd6 {[%emt 0:04:40]} (43... Kd5 $17 44. f3 Kc5) 44. Kh2 {[%emt 0:00:23]} Rd7 {[%emt 0:00:29]} 45. f3 {[%emt 0:01:11]} (45. Kg3 $17) 45... Kc7 {[%emt 0:01:09]} 46. Ra8 {[%emt 0:00:10]} Kc6 {[%emt 0:00:17]} 47. Rb8 {[%emt 0:00:05]} Rf7 {[%emt 0:13:07]} 48. Kg3 {[%emt 0:00:46]} h6 {[%emt 0:00:07]} (48... b5 $17 49. Kf2 Re7) 49. Kg4 {[%emt 0:01:14]} Rd7 {[%emt 0:00:08]} 50. Kg3 $17 {[%emt 0:02:59]} Rd6 {[%emt 0:08:30]} 51. Rb7 {[%emt 0:01:02]} Rd7 {[%emt 0:00:01]} 52. Rb8 {[%emt 0:00:09]} b5 {[%emt 0:00:20]} 53. Kh3 {[%emt 0:00:10]} Kc5 {[%emt 0:00:08]} 54. Rb7 {[%emt 0:00:06]} Kc6 {[%emt 0:00:02]} 55. Rb8 {[%emt 0:00:05]} g6 {[%emt 0:00:44]} 56. Kg3 {[%emt 0:01:29]} Rd6 {[%emt 0:02:56]} 57. Rb7 {[%emt 0:00:12]} Rd7 {[%emt 0:00:03]} 58. Rb8 {[%emt 0:00:05]} h5 {[%emt 0:00:16]} 59. Kh3 {[%emt 0:05:02]} Rd6 {[%emt 0:01:02]} 60. Rb7 {[%emt 0:00:05]} Rd7 {[%emt 0:00:03]} 61. Rb8 {[%emt 0:00:03]} Rd6 {[%emt 0:00:03]} 62. Rb7 {[%emt 0:00:06]} Kc5 {[%emt 0:00:05]} 63. Rxa7 {[%emt 0:00:17]} Kb4 {[%emt 0:01:41]} 64. Ra8 {[%emt 0:01:18]} Ka4 {[%emt 0:00:25]} 65. a7 {[%emt 0:01:27]} Ra6 {[%emt 0:01:20]} 66. Kh4 {[%emt 0:00:04]} b4 {[%emt 0:00:39]} 67. Kg5 {[%emt 0:00:04]} b3 {[%emt 0:00:19]} 68. f4 {[%emt 0:00:47]} Ka3 {[%emt 0:01:12]} 69. g3 {[%emt 0:01:39]} b2 {[%emt 0:01:19]} 70. Rb8 {[%emt 0:00:04]} Rxa7 {[%emt 0:00:32]} 71. Kxg6 {[%emt 0:00:04]} Ra4 {[%emt 0:00:56]} 72. Rxb2 {[%emt 0:01:14]} Kxb2 {[%emt 0:00:01]} 73. Kxh5 {[%emt 0:01:23]} Kc3 {[%emt 0:00:16]} 74. g4 {[%emt 0:06:21]} Kd4 {[%emt 0:02:12]} 75. Kg6 {[%emt 0:00:06]} Ra6+ {[%emt 0:00:22]} 76. Kf5 {[%emt 0:00:05]} Ra5+ {[%emt 0:00:48]} 77. Kf6 {[%emt 0:00:25]} Ke4 {[%emt 0:00:10]} 78. g5 {[%emt 0:00:04]} Ra6+ {[%emt 0:00:11]} 79. Kg7 {[%emt 0:01:25]} Kxf4 {[%emt 0:00:07]} 0-1

[Event "GER-chT Youth Countries 2018"]
[Site "Wurzburg"]
[Date "2018.10.04"]
[Round "3"]
[White "Nguyen, Huy Dat"]
[Black "Karsay, Pascal"]
[Result "1/2-1/2"]
[WhiteElo "2194"]
[BlackElo "2261"]
[Annotator "TA"]
[PlyCount "51"]
[EventDate "2018.10.03"]
[EventType "team-tourn"]
[EventCountry "GER"]
[SourceTitle "playchess.com"]
[Source "ChessBase"]
[SourceQuality "1"]

{[%evp 24,51,29,11,41,-12,-12,-11,57,-41,-44,-44,-37,-38,-31,-37,-33,-52,-51,-47,-41,-48,-26,-50,338,119,112,107,114,107]} 1. e4 e5 2. Nf3 Nc6 3. Bb5 Nf6 4. d3 d6 5. c3 g6 6. O-O Bg7 7. Bg5 h6 8. Bh4 O-O 9. Nbd2 {[%cal Bb1d2,Bd2f1,Bf1e3][%mdl 32]} Bd7 10. Re1 Qe8 {C66: Ruy Lopez: Steinitz Defence} 11. Nf1 Nh5 (11... Ne7 12. Bc4 Kh8 13. Ne3 Ng4 14. d4 Nxe3 15. Rxe3 f6 16. Re1 Rd8 17. a4 Bc6 18. Qb3 {1-0 (49) Fressinet,L (2687)-Kramnik,V (2812) Paris 2016}) 12. Ne3 Nf4 13. Bg3 {LiveBook: 7 Games} Ne6 14. Nh4 (14. Bc4 $14) 14... Ne7 $146 ({Predecessor:} 14... h5 15. h3 {½-½ (15) Rasik,V (2360)-Bartels,F Prague 1990}) 15. Bc4 c6 {[#]} (15... a5 $11) 16. Bxe6 (16. d4 $1 $14 {[%mdl 512]}) 16... Bxe6 $15 17. d4 Rd8 18. dxe5 dxe5 19. Qe2 f6 20. Nf3 Qf7 21. b3 Nc8 22. Rad1 Nb6 23. Bh4 {aiming for Nxe5!} a5 $2 {[%mdl 8192] [#]} (23... Nd7 $15 {keeps the upper hand.}) 24. Rxd8 $2 (24. Nxe5 $1 $18 {[%mdl 512]} Qe8 (24... fxe5 25. Bxd8) 25. Rxd8 Qxd8 26. Nxg6) 24... Rxd8 $16 {[#]} 25. Nxe5 $1 {[%mdl 512]} Qe8 (25... fxe5 26. Bxd8) 26. Nf3 {Precision: White = 29%, Black = 45%.} 1/2-1/2

[Event "GER-chT Youth Countries 2018"]
[Site "Wurzburg"]
[Date "2018.10.04"]
[Round "3"]
[White "Walter, Kevin"]
[Black "Weller, Uli"]
[Result "1-0"]
[WhiteElo "2190"]
[BlackElo "2123"]
[Annotator "TA"]
[PlyCount "81"]
[EventDate "2018.10.03"]
[EventType "team-tourn"]
[EventCountry "GER"]
[SourceTitle "playchess.com"]
[Source "ChessBase"]
[SourceQuality "1"]

{[%evp 22,81,44,26,35,27,51,49,67,61,66,64,72,54,80,68,72,75,78,56,46,31,52,28,39,35,38,10,59,62,81,57,55,56,60,57,66,61,78,84,70,72,97,101,129,68,129,122,264,276,571,133,94,132,379,373,29988,29989,29991,29992,29992,29993]} 1. e4 c5 2. Nf3 Nc6 3. d4 cxd4 4. Nxd4 g6 5. Nc3 Bg7 6. Be3 Nf6 7. Bc4 O-O 8. Bb3 Qa5 9. O-O d6 10. h3 Bd7 11. Re1 Rac8 12. Qe2 a6 {B35: Sicilian: Accelerated Dragon with 5 Nc3: main line} 13. Rad1 b5 (13... Qc7 14. Nd5 Nxd5 15. exd5 Ne5 16. Qd2 Rfe8 17. Bh6 Bf6 18. Bg5 Bg7 19. Bh6 Bf6 {½-½ (19) Brkic,A (2573)-Mamedov,R (2653) Sarajevo 2010}) 14. Nd5 Nxd5 {White is slightly better.} 15. Nxc6 Rxc6 $146 ({Predecessor:} 15... Bxc6 16. exd5 Bd7 17. Bd4 Rfe8 18. Bxg7 Kxg7 19. Rd4 e5 20. dxe6 Bxe6 {½-½ (35) Babarykin,S (2306)-Gerasimov,A (2159) Dresden 2013}) 16. exd5 Rc7 {[%cal Bc6c7,Bc7b7,Bb7b8][%mdl 32]} 17. c3 Rb7 18. Bd4 Re8 19. a3 Qc7 20. h4 h5 21. f3 Rbb8 22. Bxg7 Kxg7 23. Rd4 Qc5 24. Kh1 a5 25. Qd2 Qc7 26. Rde4 Bf5 27. Qd4+ Kh7 28. R4e3 Qd7 29. Qf4 e5 30. dxe6 $1 fxe6 31. Qg5 {Hoping for g4.} e5 32. f4 b4 33. cxb4 (33. fxe5 $16 dxe5 34. Rxe5 Rxe5 35. Rxe5) 33... axb4 (33... e4 $1 $14) 34. fxe5 $16 d5 {[#]} (34... dxe5 $16 35. Rxe5 Rxe5 36. Rxe5 Re8 37. Rxe8 Qxe8) 35. e6 $1 $18 {[%cal Re6d7][%mdl 512]} Qd6 $2 (35... Qe7 36. Bxd5 bxa3) (35... Rxe6 36. Rxe6) 36. e7 $2 (36. Rf1 $18) 36... bxa3 $16 37. bxa3 {aiming for Re5.} d4 $2 (37... Be4 $16) 38. Rf3 $18 d3 $2 (38... Rxb3 $18 39. Rxb3 d3) 39. Rxf5 {White mates.} gxf5 40. Re6 Qxe6 41. Bxe6 {Precision: White = 61%, Black = 31%.} 1-0

[Event "GER-chT Youth Countries 2018"]
[Site "Wurzburg"]
[Date "2018.10.04"]
[Round "3"]
[White "Goldbeck, Lars"]
[Black "Schmider, Niklas"]
[Result "1-0"]
[WhiteElo "2184"]
[BlackElo "2190"]
[Annotator "TA"]
[PlyCount "49"]
[EventDate "2018.10.03"]
[EventType "team-tourn"]
[EventCountry "GER"]
[SourceTitle "playchess.com"]
[Source "ChessBase"]
[SourceQuality "1"]

{[%evp 14,49,28,36,60,61,57,57,112,119,153,150,177,176,183,175,289,281,435,421,437,416,414,426,457,463,418,380,360,344,348,291,393,394,420,411,400,359]} 1. d4 Nf6 2. c4 g6 3. Nc3 d5 4. cxd5 Nxd5 5. Bd2 Nb6 6. e3 {D85: Exchange Grünfeld: Unusual White 7th moves and lines with 7 Nf3} Bg7 7. f4 O-O 8. Nf3 {LiveBook: 60 Games. White has an edge.} Na6 (8... c5 9. dxc5 N6d7 10. Ne4 Bxb2 11. Rb1 Bg7 12. Bc4 Na6 13. Bxa6 bxa6 {½-½ (29) Riazantsev,A (2650)-Svidler,P (2765) St Petersburg 2017}) 9. Bxa6 $1 bxa6 10. Ne4 $146 ({Predecessor:} 10. O-O Bb7 11. Qc2 c5 12. dxc5 Nc4 13. Rad1 Qa5 {½-½ (21) Nikolov,M (2518)-Khusenkhojaev,M (2381) Golden Sands 2014}) 10... f6 (10... Qd5 $14 11. Nc3 Qb7) 11. O-O $16 Kh8 12. Rc1 Bg4 13. h3 Bxf3 14. Qxf3 e5 (14... Re8 {keeps fighting.} 15. Nc5 e5) 15. Bb4 $18 Re8 (15... exf4 $142 16. Bxf8 Qxf8 17. exf4 f5) 16. dxe5 fxe5 17. f5 gxf5 18. Qxf5 Qc8 19. Qh5 {[#] White wants to mate with Ng5.} Qe6 20. Ng5 {[%csl Gg5][%cal Rh5h7]} Qg6 21. Qxg6 hxg6 22. e4 ({Less strong is} 22. Rxc7 Nd5 $18) 22... Rac8 23. Rc6 {White is winning.} Nd7 24. Rxg6 {[#] Rf7 is the strong threat.} c5 {If only Black now had time for ...Nf8....} 25. Rf7 {Precision: White = 91%, Black = 38%.} 1-0

[Event "GER-chT Youth Countries 2018"]
[Site "Wurzburg"]
[Date "2018.10.04"]
[Round "3"]
[White "Schneider, Jana"]
[Black "Gschnitzer, Adrian"]
[Result "1-0"]
[WhiteElo "2174"]
[BlackElo "2363"]
[Annotator "TA"]
[PlyCount "101"]
[EventDate "2018.10.03"]
[EventType "team-tourn"]
[EventCountry "GER"]
[SourceTitle "playchess.com"]
[Source "ChessBase"]
[SourceQuality "1"]

{[%evp 21,101,13,30,22,14,15,22,22,20,8,19,-114,-110,-100,-94,-124,-102,-102,-70,-35,0,0,0,-32,-34,-37,-37,-31,-35,-16,0,-54,13,29,109,-35,165,177,172,160,158,168,219,209,254,264,334,337,279,232,355,362,464,496,481,469,485,477,454,451,411,383,395,379,370,344,525,524,495,493,483,469,727,717,668,667,571,485,750,725,661,646]} 1. e4 e5 2. Nf3 Nc6 3. Bc4 Bc5 4. O-O Nf6 5. d3 a6 6. c3 d6 7. a4 {C54: Giuoco Piano: 4 c3 Nf6, main lines with 5 d4 and 5 d3} (7. Re1 h6 8. b4 Ba7 9. a4 O-O 10. Nbd2 Re8 11. Nf1 Be6 12. Bxe6 Rxe6 13. Ng3 Ne7 14. d4 Ng6 {½-½ (38) Aronian,L (2767)-Carlsen,M (2842) Saint Louis 2018}) 7... Ba7 8. Na3 h6 9. Nc2 O-O 10. Be3 Ne7 11. Bxa7 Rxa7 {LiveBook: 7 Games} 12. Re1 Ng6 13. Ne3 Be6 $146 ({Predecessor:} 13... Ra8 14. d4 c6 15. dxe5 Nxe5 16. Nxe5 dxe5 17. Qxd8 Rxd8 {1-0 (54) Kovalev,V (2608)-Krivonosov,O (2459) Riga 2016}) 14. Qb3 Qd7 15. a5 Nf4 16. Rad1 (16. Qc2 $11) 16... Bg4 $1 $17 {[%cal Rg4f3] Strongly threatening ...Bxf3.} 17. Nh4 Bxd1 18. Rxd1 Kh7 19. d4 {Threatening dxe5.} exd4 (19... Nxe4 $6 20. dxe5 g6 21. Rd4 $11) 20. cxd4 g6 21. e5 $1 {[%cal Re5f6,Be4e5,Be5e6][%mdl 32]} Ng4 22. e6 Qe7 23. Nxg6 $1 fxg6 24. Nxg4 Qg5 25. Qg3 d5 26. Bf1 (26. Bd3 $11) 26... Nxe6 (26... h5 $15 27. e7 Qxe7) 27. Re1 $11 Ng7 {[#]} (27... h5 $11) 28. Bd3 (28. h4 $1 $16 {[%cal Rh4g5]} Qf4 29. Re7) 28... Raa8 $2 {[#]} (28... h5 $1 $15 {stays ahead.} 29. Ne5 Qxg3 30. hxg3 Nf5) 29. h4 $1 $18 {[%cal Rh4g5]} Qf4 30. Re7 Qxg3 31. fxg3 Rae8 (31... Kh8 $142 32. Ne5 (32. Bxg6 h5 $16) (32. Nxh6 Nf5 $16) 32... Rf6) 32. Rxc7 Re1+ 33. Kh2 Rd1 34. Ne5 Kg8 35. Rxb7 Nf5 (35... Nh5 {is a better defense.} 36. Rb6 (36. Bxa6 Rxd4 37. Nc6 Rd2 $16) (36. Bxg6 Rff1 $11) 36... Nf6 37. Rxa6 h5) 36. Rb6 ({Less strong is} 36. Bxa6 Ne3 $16) 36... Nxd4 {intending ...Re8.} 37. Rxg6+ Kh8 38. Rxh6+ Kg7 39. Rg6+ Kh8 40. Rxa6 Re8 41. Rh6+ Kg8 42. Rg6+ Kf8 43. Rf6+ Ke7 (43... Kg7 {was worth a try.}) 44. Rb6 {White is clearly winning.} Kf8 45. a6 Rxe5 46. a7 Re8 (46... Ra1 $142 47. Rb8+ Ke7) 47. Bg6 Ra1 48. Bxe8 Rxa7 49. Bc6 Nc2 (49... Nxc6 $142 50. Rxc6 Ke7) 50. Bxd5 Ne3 51. Bf3 {Precision: White = 63%, Black = 43%.} 1-0